书目信息 |
| 题名: |
高频电子线路实验与课程设计
|
|
| 作者: | 杨翠娥 主编 | |
| 分册: | ||
| 出版信息: | 哈尔滨 哈尔滨工程大学出版社 2001.09 |
|
| 页数: | 204页 | |
| 开本: | 26cm | |
| 丛书名: | ||
| 单 册: | ||
| 中图分类: | TN710-33 | |
| 科图分类: | ||
| 主题词: | 电子电路 | |
| 电子资源: | ||
| ISBN: | 7-81073-145-9 | |
| 000 | 00568nam0 2200181 45 | |
| 001 | 0256328233 | |
| 005 | 2002112215384801 | |
| 010 | @a7-81073-145-9@dCNY 17.00 | |
| 100 | @a20021122d2001 km y0chiy0120 ea | |
| 101 | 0 | @achi |
| 200 | 1 | @a高频电子线路实验与课程设计@Agao pin dian zi xian lu shi yan yu ke cheng she ji@f杨翠娥主编@Fyang cui e zhu bian |
| 210 | @a哈尔滨@c哈尔滨工程大学出版社@d2001.09 | |
| 215 | @a204页@d26cm | |
| 606 | 0 | @a电子电路 |
| 690 | @aTN710-33@v3 | |
| 701 | 0 | @a杨翠娥@Ayang cui e@4主编 |
| 801 | 0 | @aCN@bPFT@c20021122 |
| 905 | @a10447@dTN710-33@eY151 | |
| 高频电子线路实验与课程设计/杨翠娥主编.-哈尔滨:哈尔滨工程大学出版社,2001.09 |
| 204页;26cm |
| ISBN 7-81073-145-9:CNY 17.00 |
| ● |
| 相关链接 |
|
|
|
正题名:高频电子线路实验与课程设计
索取号:TN710-33/Y151
 
预约/预借
| 序号 | 登录号 | 条形码 | 馆藏地/架位号 | 状态 | 备注 |
| 1 | 361126 | 203611261 | 自科库301/301自科库 23排2列4层/ [索取号:TN710-33/Y151] | 在馆 | |
| 2 | 361127 | 203611270 | 自科二线404/301自科库 23排2列4层/ [索取号:TN710-33/Y151] | 在馆 | |
| 3 | 361128 | 203611289 | 自科二线404/301自科库 23排2列4层/ [索取号:TN710-33/Y151] | 在馆 | |
| 4 | 397070 | 203970701 | 自科库301/301自科库 30排4列4层/ [索取号:TN710-33/Y151] | 在馆 | |
| 5 | 397071 | 203970710 | 自科库301/301自科库 30排4列4层/ [索取号:TN710-33/Y151] | 在馆 | |
| 6 | 397072 | 203970729 | 自科二线404/301自科库 23排2列4层/ [索取号:TN710-33/Y151] | 在馆 |